[Event "Olympiad-39"]
[Site "Khanty-Mansiysk"]
[Date "2010.09.28"]
[Round "7.1"]
[White "Bluvshtein, Mark"]
[Black "Topalov, Veselin"]
[Result "1-0"]
[WhiteElo "2583"]
[BlackElo "2803"]
[Annotator "Krasenkow,M"]
[PlyCount "83"]
[EventDate "2010.09.21"]
[EventType "team-swiss"]
[EventRounds "11"]
[EventCountry "RUS"]
[SourceTitle "CBM 139"]
[Source "ChessBase"]
[SourceDate "2010.11.18"]
[SourceVersion "1"]
[SourceVersionDate "2010.11.18"]
[SourceQuality "1"]
[WhiteTeam "Canada"]
[BlackTeam "Bulgaria"]
[WhiteTeamCountry "CAN"]
[BlackTeamCountry "BUL"]

1. d4 Nf6 2. c4 g6 3. Nc3 Bg7 4. e4 d6 5. Nf3 O-O 6. h3 Na6 7. Bg5 c6 8. Be2 {
I recommended} (8. Nd2 {in my survey (see CBM 132) but GM Mark Bluvshtein
chooses his own way.}) 8... e5 9. d5 h6 10. Be3 Nh5 {Since White has not
played Nf3-d2, this move is logical.} (10... cxd5 11. cxd5 {is rather
favorable for White as his e2 bishop is now active, and he gets the c4-square
for his knight.}) 11. dxc6 $1 $146 {[%mdl 8] A central action in reply to a
flank attack! Black's d6-pawn now becomes vulnerable. The other options don't
bring White any real advantage:} (11. g3 cxd5 12. cxd5 (12. Nxd5 Nc5) 12... f5
$1 {That's the point!} 13. exf5 gxf5 14. Nd2 (14. Nxe5 f4 $1 (14... Nxg3 $143
15. fxg3 Bxe5 16. Bxh6) 15. gxf4 Nxf4 16. Bxf4 Rxf4 17. Nd3 Rd4 $44) 14... f4
15. Bxh5 fxe3 16. fxe3 e4 $1 17. Ndxe4 Qe7 18. Qe2 Bf5 $44 {0-1 D'Costa,L 
(2456)-Vorobiov,E (2592)/Rethymnon 2010/CBM 137 Extra (24)}) (11. Qd2 Nf4 $1
12. Bxf4 exf4 13. Qxf4 Qb6 14. Qd2 Nc5 15. O-O Re8 16. Qc2 Bd7 17. Nd2 a5 18.
Bf3 a4 $44 {1/2 Corke,A (2237)-Conquest,S (2549)/Hinckley Island 2009/EXT 2010
(44)}) (11. Nd2 Nf4 12. Bf1 f5 13. g3 Ne6 $5 14. exf5 gxf5 (14... Nd4 $1 15.
fxg6 Nb4 16. Rc1 Bf5 17. Nce4 Qa5 $40) 15. dxe6 f4 16. gxf4 (16. Nde4 fxe3 17.
fxe3 Bxe6 18. Qxd6 Qxd6 19. Nxd6 e4 $5 20. Ndxe4 Rae8 $44) 16... exf4 17. Bd4
Bxd4 18. Rg1+ Bg7 19. Qh5 Qe8 20. Qxh6 Qxe6+ 21. Qxe6+ Bxe6 22. Nde4 Nc5 23.
O-O-O Rad8 24. Rxd6 Rxd6 25. Nxd6 Kh8 $44 {1/2 Pliester,L (2367)-Tkachiev,V 
(2672)/Netherlands 2001/EXT 2002 (34)}) 11... bxc6 12. Qd2 Nf4 13. O-O $1 (13.
O-O-O $6 {[%cal Gb8b2]}) 13... f5 (13... Qf6 $5 14. Rfd1 Rd8 15. c5 $5 $36) 14.
Bxf4 exf4 15. exf5 Bxf5 16. Rad1 (16. Nd4 $5 Bd7 17. Rfe1) 16... Rb8 17. Nd4
Bd7 (17... Bxd4 18. Qxd4 Rxb2 19. Bf3 Qf6 20. Bxc6 Qxd4 21. Rxd4 $16 {[%csl
Rd6]}) 18. Bf3 Qb6 19. Nb3 (19. b3 $5 $14) 19... Be5 20. Ne4 Rbd8 21. Qe2 c5 {
After this weakening of the light squares White obtains a small but clear edge.
Alas, otherwise White plays c4-c5 himself:} (21... Bf5 22. c5 $1 dxc5 23. Nexc5
Nxc5 24. Qxe5 Nd3 25. Qc3 $16 {[%csl Rg8]}) (21... Rfe8 22. c5 $1 $16) 22. Rd2
Rfe8 23. Rfd1 Bf5 $4 {[%mdl 8192] This terrible blunder ends the game.} (23...
Ba4 24. h4 $1 $36 {>>}) (23... Be6 24. Nc1 $5 $14 {[%cal Yb2b3,Yc1d3]}) 24.
Nxd6 $1 Bxd6 25. Rxd6 $1 Rxe2 26. Rxd8+ Kf7 27. Bxe2 $18 {with both material
and positional advantage.} Ke7 28. Bg4 {The simplest. The knight endgame is
easily winning for White.} Bxg4 29. hxg4 Qxd8 30. Rxd8 Kxd8 31. Kf1 Ke7 32. Ke2
Kd6 33. a3 Nb8 34. Kf3 Ke5 35. Nxc5 g5 36. Nb3 Nd7 37. Ke2 Kd6 38. f3 Ne5 39.
Na5 Kc5 40. b4+ Kd4 41. c5 Kd5 42. Kd2 1-0

[Event "Nanjing Pearl Spring 3rd"]
[Site "Nanjing"]
[Date "2010.10.26"]
[Round "6"]
[White "Gashimov, Vugar"]
[Black "Topalov, Veselin"]
[Result "1/2-1/2"]
[WhiteElo "2719"]
[BlackElo "2803"]
[Annotator "Moradiabadi,E"]
[PlyCount "86"]
[EventDate "2010.10.20"]
[EventType "tourn"]
[EventRounds "10"]
[EventCountry "CHN"]
[EventCategory "21"]
[SourceTitle "CBM 139"]
[Source "ChessBase"]
[SourceDate "2010.11.18"]
[SourceVersion "1"]
[SourceVersionDate "2010.11.18"]
[SourceQuality "1"]

{This game was played under criticial conditions for both sides. Not having
scored a single win in the first part of the tournament both parties were very
eager to draw blood. In the heat of the battle it was Gashimov who let the win
slip away, for the second time in a row, and the game ended in a draw.} 1. e4
c6 2. d4 d5 3. exd5 cxd5 4. c4 Nf6 5. Nc3 g6 $5 {The riskiest move which is in
accordance to Topalov's style. There are safer ways for Black to face the
Panov. Also one should not forget that this move was introduced by legendary
Dutch world champion Max Euwe, in 1932, against Alekhine.} 6. Qb3 e6 $6 {
I was initially going to put a "N" (=novelty) for this move, but then found
out that this dubious move has actually been played a few times before. The
statistics are crushingly in White's favor.} 7. cxd5 Nxd5 8. Nf3 Nc6 9. Bg5 f6
10. Bd2 Bg7 11. Bd3 O-O {One can see that white has the advantage at this
early stage of the game. In order to realize it one just has to compare the
upcoming position with the "normal" Panov.} 12. O-O Nce7 13. Rfe1 b6 14. Re2
Kh8 15. Rae1 a6 16. h4 $1 {Having finished his development, Gashimov starts
activity against Black's weakened kingside.} Ra7 17. Bb1 Rc7 18. Nxd5 (18. h5 {
was more accurate, because it would force} gxh5 {However, Topalov fails to
take advantage of it.}) 18... Nxd5 19. h5 gxh5 (19... g5 20. Rxe6 Bxe6 21. Rxe6
Nf4 22. Bxf4 gxf4 23. Bf5 {[%csl Ge6,Gf5,Gh5] White dominates on the light
squares, though I don't see any clear plan for white. As usual the silicon
mind remains cool and declares the position 'unclear'!}) 20. Qd3 f5 21. Ng5 Nf6
22. Qg3 $6 (22. Nxe6 {The most direct and principled continuation.} Bxe6 23.
Rxe6 Ne4 24. Bc3 h4 (24... Qh4 25. Qe3 Nxc3 26. bxc3 {Just one look at the
position and it it becomes clear that white has a decisive advantage due to
Black's horrible pawn structure.}) 25. R1xe4 $1 fxe4 26. Qxe4 Bf6 27. Bb4 Rg8
28. Bd6 Rcg7 29. Kf1 $1 h3 30. g3 a5 31. a4 $1 {A fantastic position worthy of
another diagram. Black is in Zugzwang and will lose material. For instance,}
Rf7 $2 {would face} 32. Rxf6 $1 {and if} Qxf6 ({Or} 32... Rxf6 33. Qxh7#) 33.
Be5) 22... Ng4 23. Bf4 Rc4 24. Nf3 $2 {But this is too much and now the game
is unclear. In fact, somehow it is Black who pressures in order to seize the
initiative.} Bb7 $2 {Returning the favor by offering the pawn on e6?} 25. Bg5
$2 Bf6 26. Bxf6+ Rxf6 27. Ng5 Bd5 28. f3 {Now the position is balanced
dynamically.} Qg8 29. Nxe6 Bxe6 30. fxg4 Qxg4 31. Qe5 Kg7 32. Rd2 Bf7 33. Rf1
f4 34. d5 Rc8 35. Rdf2 Re8 36. Qxf6+ Kxf6 37. Rxf4+ Qxf4 38. Rxf4+ Kg7 39. d6
Rd8 40. Rd4 Kf6 41. Rf4+ Kg7 42. Rd4 Kf6 43. Rf4+ Kg7 {In a complicated battle,
both sides lost the thread at crucial moments but we should nevertheless thank
both players for their spectacular game!} 1/2-1/2

[Event "Mexico City UNAM KO"]
[Site "Mexico City"]
[Date "2010.11.20"]
[Round "1.1"]
[White "Topalov, Veselin"]
[Black "Leon Hoyos, Manuel"]
[Result "1-0"]
[WhiteElo "2786"]
[BlackElo "2570"]
[PlyCount "107"]
[EventDate "2010.11.19"]
[EventType "k.o. (rapid)"]
[EventRounds "2"]
[EventCountry "MEX"]
[SourceTitle "EXT 2011"]
[Source "ChessBase"]
[SourceDate "2010.11.26"]
[SourceVersion "1"]
[SourceVersionDate "2010.11.26"]
[SourceQuality "1"]

1. d4 Nf6 2. c4 c5 3. d5 b5 4. cxb5 a6 5. bxa6 g6 6. Nc3 Bxa6 7. g3 d6 8. Bg2
Bg7 9. Nf3 Nfd7 10. O-O Nb6 11. Qc2 N8d7 12. Rd1 O-O 13. Rb1 Bxc3 14. Qxc3 Bxe2
15. Bh6 Nf6 16. Rd2 Bxf3 17. Bxf3 Re8 18. b3 Nbd7 19. a4 Qa5 20. Qxa5 Rxa5 21.
h3 c4 22. bxc4 Rxa4 23. Rc2 Rc8 24. Rbc1 Ne5 25. Be2 Ne4 26. Kg2 f5 27. Be3 Kf7
28. g4 Nf6 29. f3 Ra3 30. Bh6 Ra7 31. c5 Rxc5 32. Rxc5 dxc5 33. Rxc5 Ra2 34.
Kf1 fxg4 35. hxg4 Ra3 36. Bc1 Rb3 37. d6 Nfd7 38. Rc7 Rb6 39. f4 Rxd6 40. fxe5
Nxe5 41. Bg5 Rd7 42. Rc5 Nd3 43. Rc3 Nb4 44. Kf2 Nd5 45. Bc4 e6 46. Rf3+ Kg7
47. Kg3 Rf7 48. Bh6+ Kg8 49. Rb3 Rc7 50. Bxd5 exd5 51. Rd3 Rd7 52. Kf4 Kf7 53.
Ke5 g5 54. Rf3+ 1-0

[Event "Mexico City UNAM KO"]
[Site "Mexico City"]
[Date "2010.11.20"]
[Round "1.2"]
[White "Leon Hoyos, Manuel"]
[Black "Topalov, Veselin"]
[Result "0-1"]
[WhiteElo "2570"]
[BlackElo "2786"]
[PlyCount "116"]
[EventDate "2010.11.19"]
[EventType "k.o. (rapid)"]
[EventRounds "2"]
[EventCountry "MEX"]
[SourceTitle "EXT 2011"]
[Source "ChessBase"]
[SourceDate "2010.11.26"]
[SourceVersion "1"]
[SourceVersionDate "2010.11.26"]
[SourceQuality "1"]

1. e4 e5 2. Nf3 Nc6 3. Bb5 Nf6 4. O-O Nxe4 5. Re1 Nd6 6. Nxe5 Be7 7. Bf1 O-O 8.
Nf3 Nf5 9. d4 d5 10. g3 Bf6 11. c3 Nd6 12. Ne5 Re8 13. Bf4 Bf5 14. Nd2 g5 15.
Nxc6 bxc6 16. Be3 Bg6 17. Bh3 Rb8 18. b4 h5 19. Nb3 Nc4 20. Nc5 Qd6 21. Nd7
Nxe3 22. fxe3 Rbd8 23. Nc5 Ra8 24. Bg2 Re7 25. e4 dxe4 26. Nxe4 Bxe4 27. Rxe4
Rae8 28. Rxe7 Rxe7 29. Qf3 Bxd4+ 30. Kh1 g4 31. Qd3 Bg7 32. Qc4 Qd2 33. Rf1
Qxc3 34. Qxc6 Qxc6 35. Bxc6 Bd4 36. h3 gxh3 37. Kh2 Kg7 38. Kxh3 Kg6 39. Rf4
Be5 40. Re4 Kg5 41. a4 f6 42. Re3 Re6 43. Be4 Bd6 44. Re2 Bxb4 45. Bf3 Rxe2 46.
Bxe2 a5 47. Kg2 Bd6 48. Kh3 f5 49. Bd1 c5 50. Be2 f4 51. gxf4+ Bxf4 52. Kg2 h4
53. Bb5 Kf5 54. Kf3 Ke5 55. Bd7 c4 56. Ke2 Kd4 57. Kd1 Kc3 58. Bf5 Kb2 0-1

[Event "Mexico City UNAM KO"]
[Site "Mexico City"]
[Date "2010.11.20"]
[Round "1.3"]
[White "Topalov, Veselin"]
[Black "Leon Hoyos, Manuel"]
[Result "1-0"]
[WhiteElo "2786"]
[BlackElo "2570"]
[PlyCount "47"]
[EventDate "2010.11.19"]
[EventType "k.o. (rapid)"]
[EventRounds "2"]
[EventCountry "MEX"]
[SourceTitle "EXT 2011"]
[Source "ChessBase"]
[SourceDate "2010.11.26"]
[SourceVersion "1"]
[SourceVersionDate "2010.11.26"]
[SourceQuality "1"]

1. Nf3 g6 2. e4 c5 3. c3 d5 4. e5 Nc6 5. d4 cxd4 6. cxd4 Bg4 7. Be2 Nh6 8. Nbd2
f6 9. exf6 exf6 10. O-O Bg7 11. h3 Be6 12. Nb3 O-O 13. Nc5 Bc8 14. Re1 b6 15.
Bb5 Qd6 16. Bf4 Qxf4 17. Bxc6 Rb8 18. Bxd5+ Nf7 19. Ne6 Qd6 20. Qb3 Bxe6 21.
Rxe6 Qd7 22. Rae1 Rfd8 23. Bc6 Qc8 24. Re7 1-0

[Event "Mexico City UNAM KO"]
[Site "Mexico City"]
[Date "2010.11.20"]
[Round "1.4"]
[White "Leon Hoyos, Manuel"]
[Black "Topalov, Veselin"]
[Result "1/2-1/2"]
[WhiteElo "2570"]
[BlackElo "2786"]
[PlyCount "71"]
[EventDate "2010.11.19"]
[EventType "k.o. (rapid)"]
[EventRounds "2"]
[EventCountry "MEX"]
[SourceTitle "EXT 2011"]
[Source "ChessBase"]
[SourceDate "2010.11.26"]
[SourceVersion "1"]
[SourceVersionDate "2010.11.26"]
[SourceQuality "1"]

1. e4 e5 2. Nf3 Nc6 3. Bb5 a6 4. Ba4 Nf6 5. O-O Be7 6. d3 d6 7. c3 O-O 8. Re1
Re8 9. Nbd2 Bf8 10. Nf1 b5 11. Bc2 d5 12. Qe2 dxe4 13. dxe4 Nh5 14. g3 Nf6 15.
Ne3 Bd6 16. Nh4 g6 17. Bd2 Bb7 18. b4 Nb8 19. Ng4 Nxg4 20. Qxg4 Nd7 21. Bb3 Nf6
22. Qf3 Kg7 23. Bg5 Qe7 24. Qe3 a5 25. a3 Bc8 26. Qe2 c6 27. Ng2 Be6 28. Bxe6
Qxe6 29. Bxf6+ Qxf6 30. Ne3 Qe6 31. Red1 Bc7 32. c4 Bb6 33. cxb5 axb4 34. axb4
Rxa1 35. Rxa1 Bxe3 36. Qxe3 1/2-1/2

[Event "Amber-rapid 20th"]
[Site "Monte Carlo"]
[Date "2011.03.18"]
[Round "6"]
[White "Gashimov, Vugar"]
[Black "Topalov, Veselin"]
[Result "1-0"]
[WhiteElo "2746"]
[BlackElo "2775"]
[Annotator "Ftacnik,L"]
[PlyCount "89"]
[EventDate "2011.03.12"]
[EventType "tourn (rapid)"]
[EventRounds "11"]
[EventCountry "MNC"]
[EventCategory "21"]
[SourceTitle "CBM 142"]
[Source "ChessBase"]
[SourceDate "2011.05.17"]
[SourceVersion "1"]
[SourceVersionDate "2011.05.17"]
[SourceQuality "1"]

1. c4 e5 2. Nc3 Nf6 3. g3 Bb4 4. Bg2 O-O 5. d3 Re8 6. Bd2 c6 7. Nf3 d5 8. O-O
h6 $6 {A serious mistake which perfectly illustrates the shaky form of Topalov
in the last Amber tournament. Preventing Bg5 makes a lot of sense, but it was
better to exchange pawns on c4 first.} (8... dxc4 9. dxc4 h6 10. Qc2 Bf8 11.
Rad1 Nbd7 12. Bc1 Qc7 13. b3 a5 14. Na4 Nc5 15. Nxc5 Bxc5 16. Bb2 Bg4 17. Nh4
Rad8 18. Rxd8 Rxd8 19. h3 Be6 20. e3 $11 {0-1 Gashimov,V (2740)-Gelfand,B 
(2750)/Nice 2010 (89)}) (8... d4 9. Na4 (9. Ne4 Bxd2 10. Nxf6+ Qxf6 11. Qxd2 a5
12. c5 Be6 13. Qg5 Nd7 14. Qxf6 gxf6 15. Rfc1 a4 16. Nd2 Ra5 17. Ne4 Rea8 18.
f4 Rb5 19. f5 Bd5 20. Nd6 Rxc5 21. Nxb7 Rxc1+ 22. Rxc1 Bxg2 23. Kxg2 Rb8 $15 {
0-1 Paglilla,C (2200)-Szmetan,J (2435)/Buenos Aires 1975 (53)}) 9... Bf8 10. b4
g6 11. Ng5 h6 12. Ne4 Nxe4 13. dxe4 Na6 14. a3 Be6 15. Nb2 Qd7 16. Qc1 Kh7 17.
Nd3 f6 18. f4 Bg8 19. fxe5 fxe5 20. Rxf8 Rxf8 21. Bxh6 Rfe8 $11 {1/2-1/2
Anikaev,Y (2455)-Grabczewski,R (2425)/Lublin 1974 (46)}) 9. Nxd5 $1 Nxd5 (9...
Bxd2 10. Nxf6+ Qxf6 11. Qxd2 $16) 10. cxd5 Bxd2 11. Nxd2 cxd5 12. Qb3 Be6 {
Black decides on one of the ways of parting with the pawn. The alternative
with 12...Nc6!? seems quite attractive in comparison.} (12... Nc6 $5 13. Qxd5
Nd4 14. e3 Qxd5 15. Bxd5 Nc2 16. Rac1 Nb4 17. Bb3 Re7 18. Rc3 Bh3 19. Rd1 Rd8
20. Nc4 $14) 13. Qxb7 Nd7 14. Qa6 (14. Qb3 Rc8 15. Rfc1 Qa5 $14) 14... Nc5 (
14... Qb6 15. Qxb6 axb6 16. a3 Rac8 17. Rfc1 $16) 15. Qa3 Qb6 16. Rfc1 Rac8 17.
Rc3 {Gashimov is preparing to parry the pressure along the c-file without
having to compromise his own structure.} d4 (17... Rc7 18. Rac1 Rec8 19. e3 d4
20. exd4 exd4 21. R3c2 Bf5 22. Bf1 $16) 18. Rc2 (18. Nc4 $1 Qb8 19. Rc2 Nd7 20.
Rac1 $16) 18... Na6 19. Rac1 Rxc2 20. Rxc2 Nb4 21. Rc1 Nxa2 $6 {Instead of
suffering without the pawn Black decides to go for broke and part with the
usual standards of parity on the board.} (21... Rb8 22. b3 f6 23. Bf3 $16) 22.
Nc4 Nxc1 (22... Bxc4 $2 23. Rxc4 $18) 23. Nxb6 axb6 24. Qa4 (24. Bc6 Nxe2+ 25.
Kg2 Rc8 26. Qd6 g6 27. Be4 Rc1 28. Qb8+ Kh7 29. Qxe5 Rg1+ 30. Kf3 Re1 31. g4
$18) 24... Rd8 (24... Rc8 25. Bb7 Rc5 26. h4 Nxe2+ 27. Kf1 Nc1 28. Qe8+ Kh7 29.
Be4+ g6 (29... f5 30. Bc6 Bg8 31. Bd7 $18) 30. h5 $18) 25. Bf3 {[%mdl 1024]
Gashimov understands very well that his chances in the game are excellent and
does not want to spoil the advantage. In retrospect both alternatives of
stepping to the f1-square seem somewhat preferable.} (25. Bf1 Nb3 26. Qb5 Rc8
27. f3 $16) (25. Kf1 $1 Nb3 26. Qb5 Rc8 27. Bc6 Bh3+ 28. Ke1 Be6 29. f3 $18)
25... Bh3 26. Bg2 {An early admission of imperfect play is one of the
strengths of a flexible mind.} (26. Kh1 Rc8 (26... g6 27. Qb5 e4 28. Bxe4 Nxe2)
(26... e4 27. Bxe4 Nxe2 28. Bb7 Rb8 29. Qc6 $18) 27. Bb7 Rb8 (27... Rc7 28. Qa7
Rc2 29. Bd5 $18) 28. Qc6 Nxe2 29. Qxb6 e4 30. Qc7 Re8 31. dxe4 d3 32. Qd6 Nc1
33. b4 $18) 26... Nxe2+ 27. Kf1 Bxg2+ 28. Kxg2 (28. Kxe2 Rc8 29. Kd2 $16) 28...
e4 $5 {Topalov remains a true fighter and excellent player even in poor form.
White has to be alert to dangers.} (28... Rc8 29. b4 Nc3 30. Qd7 $18) 29. Qd1 (
29. dxe4 $2 d3 30. Qd1 d2 31. Kf1 Nc1 $11) 29... exd3 30. Kf1 (30. Qxd3 Re8 (
30... Nc1 31. Qc4 d3 32. Qc7 Rd5 33. Qxc1 d2 34. Qd1 $18) 31. Kf1 $16) 30... g5
$2 {Once again the poor form is helping the enemy. The pawn advance to g5 is
far too inflexible; it should have been only to g6.} (30... Rc8 31. Qxd3 Nc1
32. Qxd4 $18) (30... g6 $5 31. Qxd3 Re8 32. f4 $16) 31. Ke1 Nc3 32. Qxd3 (32.
bxc3 $2 dxc3 $19) 32... Re8+ 33. Kf1 (33. Kd2 Ne4+ 34. Kc2 Nxf2 35. Qxd4 Re2+
36. Kb3 Ne4 37. Ka2 $18) 33... Ne2 $6 (33... Ne4 34. Qxd4 Re6 35. f3 Nf6 36. g4
$16) 34. Qxe2 $1 {White is on top of the situation and his basic calculation
is completely right. At a proper moment he will fix the kingside structure
with g3-g4 and still keep two pawn tempi to achieve the win.} Rxe2 35. Kxe2 Kf8
(35... f5 36. Kd3 Kf7 37. Kxd4 Ke6 38. Kc4 Kd6 39. Kb5 Kc7 40. h3 $1 g4 (40...
h5 41. h4 gxh4 42. gxh4 f4 43. f3 Kb7 44. b3 Kc7 45. Ka6 Kc6 46. b4 $18) (40...
f4 41. g4 f3 42. Ka6 Kc6 43. b4 $18) 41. h4 Kb7 (41... h5 42. Ka6 Kc6 43. b4
$18) 42. h5 Kc7 43. Ka6 Kc6 44. b4 $18) 36. Kd3 Ke7 37. Kxd4 Kd6 38. g4 $1 {
White has three pawns on the second rank and thus three reserve moves in the
fight for a zugzwang. Black stands no chance of surviving.} f6 (38... b5 39.
Kc3 Kc5 40. Kb3 f6 41. Kc3 b4+ (41... Kd5 42. Kb4 Kc6 43. Ka5 Kc5 44. b3 $18)
42. Kb3 Kb5 43. h3 Kc5 44. Ka4 Kc4 45. f3 $18) 39. Kc4 Kc6 40. b3 b5+ (40...
Kd6 41. Kb5 Kc7 42. Ka6 Kc6 43. b4 $18) 41. Kb4 Kb6 42. h3 Kc6 43. Ka5 Kc5 44.
b4+ Kc4 45. f3 1-0